The built environment professions in disaster risk reduction and response (Record no. 109908)

MARC details
000 -LEADER
fixed length control field 01830cad a22003015a 4500
001 - CONTROL NUMBER
control field E148141
008 - FIXED-LENGTH DATA ELEMENTS--GENERAL INFORMATION
fixed length control field 090804s2009 xxkao f 000 0 eng d
020 ## - INTERNATIONAL STANDARD BOOK NUMBER
International Standard Book Number 9781905632046
035 ## - SYSTEM CONTROL NUMBER
System control number (Sirsi) u148141
041 0# - LANGUAGE CODE
Language code of text/sound track or separate title eng
050 04 - LIBRARY OF CONGRESS CALL NUMBER
Classification number 658.477 $2 20
245 04 - TITLE STATEMENT
Title The built environment professions in disaster risk reduction and response
Remainder of title a guide for humanitarian agencies
Medium [electronic resource]
260 ## - PUBLICATION, DISTRIBUTION, ETC.
Place of publication, distribution, etc. London
Name of publisher, distributor, etc. University of Westminster
Date of publication, distribution, etc. 2009
300 ## - PHYSICAL DESCRIPTION
Extent 39p.
Other physical details col. ill.
Dimensions 30cm. +
Accompanying material 1 CD
505 2# - FORMATTED CONTENTS NOTE
Formatted contents note Preface -- Foreword -- The built environment professions in disaster risk reduction and response -- References -- Figures and tables -- Boxes -- Case studies
520 ## - SUMMARY, ETC.
Summary, etc. Sets out the benefits of using built environment professionals in disaster risk reduction and response, and emphasises the need to address this issue early on in the process. Includes case studies. The accompanying CD provides other resources, including additional case studies, the 'Mind the Gap' report produced by RICS in 2006, Article 25's 'Humanitarian and Development Career Information Pack' and documentation on UN-Habitat's Disaster Management Programme and SRR policies.
521 ## - TARGET AUDIENCE NOTE
Target audience note Introductory
590 ## - LOCAL NOTE (RLIN)
Local note KA
651 #4 - SUBJECT ADDED ENTRY--GEOGRAPHIC NAME
Geographic name International
690 ## - LOCAL SUBJECT ADDED ENTRY--TOPICAL TERM (OCLC, RLIN)
Topical term or geographic name as entry element BUILT ENVIRONMENT-CONSTRUCTION MANAGEMENT
700 1# - ADDED ENTRY--PERSONAL NAME
Personal name Lloyd-Jones, Tony
Relator term Editor
710 1# - ADDED ENTRY--CORPORATE NAME
Corporate name or jurisdiction name as entry element Royal Institution of Chartered Surveyors
9 (RLIN) 4900
710 1# - ADDED ENTRY--CORPORATE NAME
Corporate name or jurisdiction name as entry element Institution of Civil Engineers
9 (RLIN) 1402
710 1# - ADDED ENTRY--CORPORATE NAME
Corporate name or jurisdiction name as entry element Royal Institute of British Architects
9 (RLIN) 2527
710 1# - ADDED ENTRY--CORPORATE NAME
Corporate name or jurisdiction name as entry element Royal Town Planning Institute
9 (RLIN) 1206
856 40 - ELECTRONIC LOCATION AND ACCESS
Uniform Resource Identifier <a href="https://web.archive.org/web/20131114055429/https://www.rtpi.org.uk/media/11206/the_built_environment_professions_in_disaster_risk_reduction_and_response__2009__rtpi_endorsed.pdf">https://web.archive.org/web/20131114055429/https://www.rtpi.org.uk/media/11206/the_built_environment_professions_in_disaster_risk_reduction_and_response__2009__rtpi_endorsed.pdf</a>
Public note View digitally archived copy of this item
942 ## - ADDED ENTRY ELEMENTS (KOHA)
Suppress in OPAC 0
Source of classification or shelving scheme Dewey Decimal Classification
Holdings
Withdrawn status Lost status Damaged status Not for loan Home library Current library Shelving location Date acquired Total Checkouts Full call number Barcode Date last seen Copy number Price effective from Koha item type
        Archives Archives RICS Boxes 06/06/2011   RICS 2009/65 30076919 30/10/2024 1 06/08/2019 Book